| 000 | 00437nam a2200181Ia 4500 | ||
|---|---|---|---|
| 001 | 15716 | ||
| 005 | 20260306170216.0 | ||
| 008 | 260306t2004||||xx |||||||||||||| ||und|| | ||
| 041 | _aESP | ||
| 082 |
_a583.790985 _bR84 |
||
| 100 |
_aRospigliosi, Fernando _eAUT |
||
| 245 | 0 | _aEl consumo tradicional de la hoja de coca en el PerĂº | |
| 260 | _c2004 | ||
| 300 |
_a _c |
||
| 650 | _aGEN | ||
| 654 | _aCHU | ||
| 942 |
_cLIB _dJUS _fJUS _2ddc _n |
||
| 999 |
_c15716 _d15716 |
||